[Event "Oravska Priehrada op"]
[Site "Namestovo"]
[Date "2017.08.26"]
[Round "2"]
[White "Bulon, Jan"]
[Black "Gonda, Jan"]
[Result "0-1"]
[WhiteElo "1293"]
[BlackElo "1667"]
[PlyCount "118"]
[EventDate "2017.08.25"]
[EventType "swiss"]
[EventRounds "7"]
[EventCountry "SVK"]
[SourceTitle "CBM 180 Extra"]
[Source "ChessBase"]
[SourceDate "2017.10.06"]
[SourceVersion "1"]
[SourceVersionDate "2017.10.06"]
[SourceQuality "1"]

1. b4 d5 2. Bb2 e6 3. Nf3 Nf6 4. b5 c5 5. bxc6 Nxc6 6. e3 Be7 7. Bb5 0-0 8. 0-0 Qb6 9. Nc3 a6 10. Bxc6 bxc6 11. Rb1 Qc7 12. Ne2 Nd7 13. c3 c5 14. Ba3 e5 15. d3 Bd6 16. Ng3 Nf6 17. Nh4 g6 18. h3 Be6 19. Bc1 e4 20. Ne2 g5 21. f4 gxh4 22. d4 c4 23. Qe1 Kh8 24. Qxh4 Be7 25. f5 Bd7 26. Ng3 Rg8 27. Nh5 Qd8 28. Bd2 Nxh5 29. Qxh5 f6 30. Rf4 Rg5 31. Qh6 Qg8 32. Rf2 Bxf5 33. Rb7 Re8 34. Ra7 Qe6 35. Kf1 Reg8 36. Be1 Bf8 37. Qh4 h6 38. Rb7 Rxg2 39. Ke2 Rxf2+ 40. Bxf2 Bxh3 41. Ke1 f5 42. Qxh3 Qg6 43. Rd7 Qg4 44. Qh2 Rg5 45. Qe5+ Bg7 46. Qe8+ Kh7 47. Qe5 f4 48. Qe7 fxe3 49. Bxe3 Qg3+ 50. Bf2 Qxc3+ 51. Kd1 Qa1+ 52. Ke2 Qxa2+ 53. Ke3 Qb3+ 54. Ke2 Qd3+ 55. Ke1 c3 56. Bh4 Rg1+ 57. Kf2 Rf1+ 58. Kg2 Qf3+ 59. Kh2 Rh1# 0-1

[Event "Bratislava Dubravan op"]
[Site "Bratislava"]
[Date "2014.08.29"]
[Round "5"]
[White "Molnar, Viliam"]
[Black "Gonda, Jan"]
[Result "1/2-1/2"]
[WhiteElo "1779"]
[BlackElo "1728"]
[PlyCount "104"]
[EventDate "2014.08.25"]
[EventType "swiss"]
[EventRounds "7"]
[EventCountry "SVK"]
[SourceTitle "EXT 2023"]
[Source "ChessBase"]
[SourceDate "2022.10.05"]
[SourceVersion "1"]
[SourceVersionDate "2022.10.05"]
[SourceQuality "1"]

1. d4 d5 2. c4 dxc4 3. Nc3 e6 4. a3 c5 5. e3 a6 6. Bxc4 Nc6 7. Nf3 b5 8. Be2 Bb7 9. 0-0 Nf6 10. dxc5 Qxd1 11. Rxd1 Bxc5 12. b4 Be7 13. Bb2 0-0 14. Rac1 Rfd8 15. Ng5 Rxd1+ 16. Rxd1 Rd8 17. Nce4 Rxd1+ 18. Bxd1 Nd7 19. Bb3 Nd8 20. f3 h6 21. Nh3 Bxe4 22. fxe4 Bf6 23. Bxf6 Nxf6 24. Nf2 Kf8 25. Kf1 Ke7 26. Ke2 Nd7 27. h4 Ne5 28. Nd3 Nxd3 29. Kxd3 Nc6 30. Kc3 Kd6 31. Bd1 Ke5 32. Kd3 Ne7 33. a4 Nc6 34. axb5 axb5 35. Kc3 g6 36. Be2 Na7 37. Bd3 h5 38. Bc2 Nc8 39. Bd1 Nd6 40. Kd3 Nxe4 41. Bf3 Nd6 42. Bc6 f6 43. g3 g5 44. Bf3 Nf5 45. hxg5 fxg5 46. Bxh5 Nxg3 47. Be8 Ne4 48. Bxb5 g4 49. Bc6 Nf6 50. b5 Kd6 51. e4 e5 52. Ke3 Kc5 1/2-1/2

[Event "Bratislava Dubravan op"]
[Site "Bratislava"]
[Date "2014.08.26"]
[Round "2"]
[White "Gonda, Jan"]
[Black "Straka, Ivan"]
[Result "0-1"]
[WhiteElo "1728"]
[BlackElo "1653"]
[PlyCount "64"]
[EventDate "2014.08.25"]
[EventType "swiss"]
[EventRounds "7"]
[EventCountry "SVK"]
[SourceTitle "EXT 2023"]
[Source "ChessBase"]
[SourceDate "2022.10.05"]
[SourceVersion "1"]
[SourceVersionDate "2022.10.05"]
[SourceQuality "1"]

1. e4 d5 2. exd5 Qxd5 3. Nc3 Qa5 4. d4 c6 5. Nf3 Bg4 6. h3 Bh5 7. Be2 e6 8. Bd2 Qd8 9. g4 Bg6 10. a3 Nf6 11. Bg5 Be7 12. Ne5 h6 13. Nxg6 fxg6 14. Bh4 Nd5 15. Bxe7 Qxe7 16. Qd2 Rf8 17. Ne4 Nd7 18. 0-0-0 e5 19. f3 0-0-0 20. Rdf1 Nf4 21. Bd1 Nb6 22. Qa5 Rxd4 23. Qxa7 Kc7 24. Qa5 Rd5 25. Qb4 Qxb4 26. axb4 Nc4 27. Nc3 Rd4 28. Re1 Ra8 29. Nb1 Ra1 30. c3 Nd3+ 31. Kc2 Nxe1+ 32. Rxe1 Rxd1 0-1

[Event "Bratislava Slovan op"]
[Site "Bratislava"]
[Date "2013.04.29"]
[Round "4"]
[White "Gonda, Jan"]
[Black "Mandak, Miroslav"]
[Result "1/2-1/2"]
[WhiteElo "1720"]
[BlackElo "1982"]
[PlyCount "107"]
[EventDate "2013.04.27"]
[EventType "swiss"]
[EventRounds "9"]
[EventCountry "SVK"]
[SourceTitle "EXT 2023"]
[Source "ChessBase"]
[SourceDate "2022.10.05"]
[SourceVersion "1"]
[SourceVersionDate "2022.10.05"]
[SourceQuality "1"]

1. e4 c5 2. Nf3 d6 3. d4 cxd4 4. Nxd4 Nf6 5. Nc3 a6 6. Be2 e5 7. Nb3 Be6 8. Bg5 Be7 9. Bxf6 gxf6 10. Nd5 Nc6 11. 0-0 f5 12. f3 Bg5 13. Kh1 Rg8 14. Bd3 Bxd5 15. exd5 Ne7 16. c4 Qd7 17. Nd2 Rg6 18. Re1 Rh6 19. Nf1 Rc8 20. a4 Kf8 21. b3 Kg7 22. Ra2 Kh8 23. Qb1 Rg8 24. g3 Rh5 25. Rg2 f4 26. g4 Rh3 27. Nd2 Ng6 28. Qd1 Nh4 29. Rgg1 Ng6 30. Bf1 Rh6 31. Ne4 Ne7 32. Nxg5 Rxg5 33. Bd3 f5 34. gxf5 Rxg1+ 35. Rxg1 Nxf5 36. Bxf5 Qxf5 37. Rg2 Rf6 38. Qc2 Qc8 39. Qe2 Qf5 40. Qc2 Qh5 41. Qe4 Qe8 42. Qe2 Rf7 43. Qd3 Qd8 44. Qe2 Qb6 45. Qd1 Qe3 46. Rg1 Rf6 47. Re1 Qc3 48. Rg1 Rh6 49. Rg2 Qe3 50. b4 b6 51. b5 axb5 52. cxb5 Rg6 53. Rxg6 hxg6 54. Kg2 1/2-1/2

[Event "Piestany Pressburg op"]
[Site "Piestany"]
[Date "2006.11.15"]
[Round "1"]
[White "Rohacek, Miroslav"]
[Black "Gonda, Jan"]
[Result "1-0"]
[WhiteElo "2278"]
[BlackElo "1849"]
[PlyCount "57"]
[EventDate "2006.11.15"]
[EventType "swiss"]
[EventRounds "7"]
[EventCountry "SVK"]
[SourceTitle "EXT 2008"]
[Source "ChessBase"]
[SourceDate "2007.11.25"]
[SourceVersion "1"]
[SourceVersionDate "2007.11.25"]
[SourceQuality "1"]

1. c4 c5 2. Nc3 Nf6 3. Nf3 Nc6 4. g3 g6 5. Bg2 Bg7 6. d4 cxd4 7. Nxd4 Nxd4 8. Qxd4 0-0 9. 0-0 d6 10. e4 Ng4 11. Qd2 Ne5 12. b3 Nc6 13. Bb2 Be6 14. Rac1 Qc8 15. Rfd1 Bh3 16. Nd5 Bxb2 17. Qxb2 Bxg2 18. Kxg2 b6 19. Qd2 Qb7 20. h4 f5 21. h5 fxe4 22. hxg6 e6 23. gxh7+ Qxh7 24. Qg5+ Qg7 25. Qxg7+ Kxg7 26. Nc7 Rae8 27. Nxe8+ Rxe8 28. Rxd6 Ne5 29. Re1 1-0

[Event "Bratislava Doprastav op"]
[Site "Bratislava"]
[Date "2006.07.01"]
[Round "9"]
[White "Gonda, Jan"]
[Black "Povysil, Peter"]
[Result "0-1"]
[WhiteElo "1860"]
[BlackElo "2058"]
[PlyCount "56"]
[EventDate "2006.06.24"]
[EventType "swiss"]
[EventRounds "9"]
[EventCountry "SVK"]
[SourceTitle "EXT 2008"]
[Source "ChessBase"]
[SourceDate "2007.11.25"]
[SourceVersion "1"]
[SourceVersionDate "2007.11.25"]
[SourceQuality "1"]

1. e4 e6 2. d4 d5 3. e5 c5 4. dxc5 Bxc5 5. Bd3 Qc7 6. Nf3 Nc6 7. Qe2 Nge7 8. c3 Bd7 9. b4 Bb6 10. a4 a6 11. 0-0 d4 12. a5 Ba7 13. Bb2 dxc3 14. Bxc3 Nd5 15. Qd2 Rc8 16. b5 axb5 17. Bxb5 0-0 18. Bb2 f6 19. Rc1 Qd8 20. exf6 Nxf6 21. Rd1 Nd5 22. Nc3 Rxf3 23. gxf3 Nd4 24. Qd3 Nf4 25. Qf1 Nxf3+ 26. Kh1 Qh4 27. h3 Nxh3 28. Kg2 Qg4+ 0-1

[Event "Bratislava Doprastav op"]
[Site "Bratislava"]
[Date "2006.06.30"]
[Round "8"]
[White "Kucera, Michal"]
[Black "Gonda, Jan"]
[Result "1-0"]
[WhiteElo "1988"]
[BlackElo "1860"]
[PlyCount "65"]
[EventDate "2006.06.24"]
[EventType "swiss"]
[EventRounds "9"]
[EventCountry "SVK"]
[SourceTitle "EXT 2008"]
[Source "ChessBase"]
[SourceDate "2007.11.25"]
[SourceVersion "1"]
[SourceVersionDate "2007.11.25"]
[SourceQuality "1"]

1. e4 c5 2. Nf3 e6 3. d4 cxd4 4. Nxd4 Nf6 5. Nc3 d6 6. f3 a6 7. Be3 b5 8. g4 Bb7 9. Bd3 Qc7 10. Qd2 b4 11. Nce2 d5 12. e5 Nfd7 13. f4 Nc6 14. c3 bxc3 15. bxc3 Be7 16. h4 0-0 17. Qc2 g6 18. h5 Nc5 19. hxg6 Nxd3+ 20. Qxd3 fxg6 21. Nxe6 Nxe5 22. fxe5 Qxe5 23. Nxf8 Rxf8 24. Bd4 Qg5 25. Qd2 Qxg4 26. Rg1 Bh4+ 27. Kd1 Qh3 28. Kc2 Bc6 29. a4 Qd7 30. Raf1 Bxa4+ 31. Kc1 Rb8 32. Qh6 Qe7 33. Rxg6+ 1-0

[Event "Bratislava Doprastav op"]
[Site "Bratislava"]
[Date "2005.06.26"]
[Round "2"]
[White "Klemanic, Emil"]
[Black "Gonda, Jan"]
[Result "1-0"]
[WhiteElo "2266"]
[BlackElo "1668"]
[PlyCount "65"]
[EventDate "2005.06.25"]
[EventType "swiss"]
[EventRounds "9"]
[EventCountry "SVK"]
[SourceTitle "EXT 2006"]
[Source "ChessBase"]
[SourceDate "2005.11.24"]
[SourceVersion "1"]
[SourceVersionDate "2005.11.24"]
[SourceQuality "1"]

1. e4 c5 2. Nc3 a6 3. g3 d6 4. Bg2 g6 5. f4 Bg7 6. Nf3 Nc6 7. h3 Nd4 8. 0-0 f5 9. d3 Qc7 10. Nd5 Qc6 11. c3 Nxf3+ 12. Bxf3 e6 13. Ne3 Qc7 14. exf5 gxf5 15. Re1 Nf6 16. Nxf5 Bf8 17. Ne3 Bd7 18. Nd5 Nxd5 19. Bxd5 0-0-0 20. Bxe6 Bxe6 21. Rxe6 Rg8 22. Qf3 d5 23. g4 Bd6 24. f5 Rdf8 25. Bh6 Rd8 26. Rae1 Qb6 27. Bf4 Qc7 28. Rxd6 Rxd6 29. Re6 Rgd8 30. Qg3 Qb6 31. Rxd6 Rxd6 32. Bxd6 Qxb2 33. Qe1 1-0

[Event "Bratislava Slovan op"]
[Site "Bratislava"]
[Date "2004.05.08"]
[Round "9"]
[White "Just, Jozef"]
[Black "Gonda, Jan"]
[Result "0-1"]
[WhiteElo "1975"]
[BlackElo "1635"]
[PlyCount "48"]
[EventDate "2004.05.??"]
[EventType "swiss"]
[EventRounds "9"]
[EventCountry "SVK"]
[SourceTitle "EXT 2005"]
[Source "ChessBase"]
[SourceDate "2004.11.15"]
[SourceVersion "1"]
[SourceVersionDate "2004.11.15"]
[SourceQuality "1"]

1. e4 c5 2. Nf3 Nc6 3. d4 cxd4 4. Nxd4 Nf6 5. Nc3 d6 6. Be3 Ng4 7. Bg5 Qb6 8. Be3 Nxe3 9. fxe3 e5 10. Nd5 Qd8 11. Bb5 exd4 12. 0-0 dxe3 13. Qf3 Be6 14. Rae1 Be7 15. Rxe3 0-0 16. Bxc6 bxc6 17. Nxe7+ Qxe7 18. Qh5 Rab8 19. c4 Rxb2 20. Rg3 Rxa2 21. Rf4 g6 22. Rh4 Ra1+ 23. Kf2 Qf6+ 24. Rf3 Qd4+ 0-1

[Event "Bratislava Slovan op"]
[Site "Bratislava"]
[Date "2004.05.02"]
[Round "2"]
[White "Gonda, Jan"]
[Black "Zdrazil, Bohumir"]
[Result "0-1"]
[WhiteElo "1635"]
[BlackElo "1981"]
[PlyCount "72"]
[EventDate "2004.05.??"]
[EventType "swiss"]
[EventRounds "9"]
[EventCountry "SVK"]
[SourceTitle "EXT 2005"]
[Source "ChessBase"]
[SourceDate "2004.11.15"]
[SourceVersion "1"]
[SourceVersionDate "2004.11.15"]
[SourceQuality "1"]

1. e4 c5 2. Nf3 Nc6 3. d4 cxd4 4. Nxd4 Nf6 5. Nc3 g6 6. Be3 Bg7 7. f3 0-0 8. Qd2 d5 9. Nxc6 bxc6 10. e5 Nd7 11. f4 e6 12. Na4 Re8 13. Be2 Qc7 14. 0-0 Bf8 15. c4 dxc4 16. Bxc4 Rb8 17. Qf2 Nb6 18. Bxb6 axb6 19. Bb3 Ba6 20. Rfd1 Bb5 21. Kh1 c5 22. Nc3 Bc6 23. Bc2 Red8 24. Be4 Be7 25. Bxc6 Qxc6 26. Qe3 Rxd1+ 27. Rxd1 Rd8 28. Rxd8+ Bxd8 29. Qd3 Be7 30. h3 c4 31. Qd4 b5 32. Ne4 Qd5 33. Nf6+ Bxf6 34. Qxd5 exd5 35. exf6 d4 36. Kg1 c3 0-1